Statistics for Axis vs Allies Countries

Click here to take the quiz!

General Stats

  • This quiz has been taken 19 times
  • The average score is 9 of 15

Answer Stats

HintAnswer% Correct
AxisGermany
100%
AlliesUK
100%
AlliesFrance
93%
AxisItaly
93%
AlliesChina
71%
AxisJapan
71%
AlliesSoviet Union
71%
AxisHungary
64%
AxisRomania
64%
AxisBulgaria
57%
AlliesPoland
57%
AlliesUSA
57%
AxisFinland
14%
AxisIraq
0%
AxisVichy France
0%

Score Distribution

Percentile by Number Answered

Percent of People with Each Score

Your Score History

You have not taken this quiz